Super Mario 64 Power Stars: Wet Dry World - Statistics

General Stats
  • This quiz has been taken 37 times
  • The average score is 8 of 9
Answers on the Map
Answers color-coded by a green-red scale on the quiz's map according to % correct below.
 
Answer Stats
# Answer % Correct
5 Go To Town for {Red} {Coins}
100%
5 Go To Town for the {Red} {Coins}
100%
2 Top o' the {Town}
97%
3 5 {Secrets} in the Shallows & Sky
87%
4 Express {Elevator}--Hurry Up!
87%
3 {Secrets} in the Shallows & Sky
87%
1 Shocking {Arrow} Lifts
77%
7 Soaked {Silver} {Stars}
67%
6 Quick Race Through {Downtown}!
53%
No matching quizzes found
Score Distribution
Percent of People with Each Score
Percentile by Number Answered
Your Score History
You have not taken this quiz